Movie Quote Match-Up Quiz Stats

 Plays Quiz Updated Aug 6, 2015

Challenge
Share
Tweet
Embed
Score 0/40 Timer 07:00
10 Plays Today
% Correct
Taken
87.1%
The Silence of the Lambs
82.8%
Avatar
72.6%
Saving Private Ryan
67.8%
Pirates of the Caribbean: The Curse of the Black Pearl
63.1%
Fight Club
62.9%
Gladiator
62.8%
American Pie
62%
Terminator 2: Judgment Day
61.7%
300
61.3%
The Truman Show
61.1%
School of Rock
61%
Men in Black
58.6%
Good Will Hunting
58.4%
The Shawshank Redemption
56.2%
Oceans 11
52%
Goodfellas
49.7%
Dodgeball: A True Underdog Story
49.7%
Dr Strangelove
49.6%
The Big Lebowski
49.6%
% Correct
The Hangover
46%
Tropic Thunder
44.3%
Home Alone
43.9%
Toy Story
40.8%
Heat
40.4%
Cool Runnings
39.8%
Independence Day
39.3%
The Italian Job
38.8%
Reservoir Dogs
37.5%
Big Fish
36%
Con Air
35.3%
No Country for Old Men
34.9%
Titanic
34.1%
The Lord of the Rings: The Return of the King
29.8%
Rocky IV
28.9%
Inception
27.7%
Groundhog Day
25.4%
This Is Spinal Tap
24.2%
Amadeus
24.1%
American Beauty
23.2%

You're not logged in!

Compare scores with friends on all Sporcle quizzes.
OR
Log In

You Might Also Like...

Show Comments

Extras

Top Quizzes Today


Score Distribution

Your Account Isn't Verified!

In order to create a playlist on Sporcle, you need to verify the email address you used during registration. Go to your Sporcle Settings to finish the process.

Report this User

Report this user for behavior that violates our Community Guidelines.

Details: